[Event "II Festival A"]
[Site "Vanzaghello ITA"]
[Date "2000.09.24"]
[Round "6"]
[White "Battistella, Gianmaria"]
[Black "Fattorelli, Luciano"]
[Result "1/2-1/2"]
[WhiteElo "1473"]
[BlackElo "1816"]
[PlyCount "73"]
[EventDate "2000.09.21"]

1. e4 d6 2. d4 Nf6 3. Nc3 g6 4. Nf3 Bg7 5. Be2 O-O 6. O-O c6 7. a4 Qc7 8. h3 e5
9. Be3 exd4 10. Bxd4 Re8 11. Bd3 Nbd7 12. Re1 Ne5 13. Nxe5 dxe5 14. Be3 Be6 15.
Qd2 Nd7 16. Rad1 Rad8 17. Qe2 Bf8 18. Bc4 b6 19. Bxe6 Rxe6 20. Qc4 Bc5 21. b4
Bxe3 22. Rxe3 Nf8 23. Red3 Rxd3 24. Rxd3 Re7 25. b5 cxb5 26. Qxb5 Re6 27. f3 a6
28. Qxa6 Nd7 29. Qa8+ Kg7 30. Nb5 Qc5+ 31. Kh2 Nf6 32. Rc3 Qf2 33. Nc7 Re7 34.
Qd8 Nh5 35. Qxe7 Qg3+ 36. Kg1 Qe1+ 37. Kh2 1/2-1/2

[Event "II Festival A"]
[Site "Vanzaghello ITA"]
[Date "2000.09.24"]
[Round "6"]
[White "Bianchi, Alberto"]
[Black "Rossi, Giampiero"]
[Result "1-0"]
[WhiteElo "2043"]
[BlackElo "2101"]
[PlyCount "58"]
[EventDate "2000.09.21"]

1. e4 c5 2. Nc3 e6 3. g3 Nc6 4. Bg2 g6 5. d3 Bg7 6. Nge2 Nge7 7. Be3 d6 8. O-O
O-O 9. Qd2 Rb8 10. a4 a6 11. Bh6 Bd7 12. Bxg7 Kxg7 13. d4 Qc7 14. Rad1 Rfd8 15.
d5 exd5 16. exd5 Ne5 17. b3 Re8 18. f4 Ng4 19. h3 Nf6 20. g4 b5 21. axb5 axb5
22. Ng3 b4 23. Nce2 Bb5 24. c4 bxc3 25. Qxc3 Bxe2 26. Nxe2 Neg8 27. Ng3 Kf8 28.
g5 Nd7 29. h4 Nb6 1-0

[Event "II Festival A"]
[Site "Vanzaghello ITA"]
[Date "2000.09.24"]
[Round "6"]
[White "Provera, Emanuele"]
[Black "Barlocco, Carlo"]
[Result "1-0"]
[WhiteElo "1759"]
[BlackElo "2179"]
[PlyCount "87"]
[EventDate "2000.09.21"]

1. d4 Nf6 2. Nf3 c5 3. dxc5 Qa5+ 4. Nc3 Qxc5 5. e4 d6 6. Be2 g6 7. O-O Bg7 8.
Be3 Qa5 9. Nd4 O-O 10. f4 Nc6 11. Nb3 Qc7 12. Kh1 a5 13. a4 Nb4 14. Nd4 Bd7 15.
Bf3 Bc6 16. Qe2 Nd7 17. Rad1 Rfe8 18. Rd2 b6 19. Ncb5 Qb7 20. c3 Na6 21. Nxc6
Qxc6 22. e5 Qc8 23. Bxa8 Qxa8 24. exd6 exd6 25. Qf2 Nf6 26. Rd3 Qe4 27. Qd2 Ng4
28. Nxd6 Nxe3 29. Nxe4 Nxf1 30. Qe1 Kf8 31. Qxf1 Rxe4 32. h3 Nc5 33. Rd6 g5 34.
Rxb6 gxf4 35. Rb8+ Ke7 36. Qb5 Re1+ 37. Kh2 Ne6 38. Rb7+ Kf6 39. Qh5 Ng5 40. h4
Ne4 41. Rxf7+ Ke6 42. Qf5+ Kd6 43. Rd7+ Kc6 44. Qd5+ 1-0

[Event "II Festival A"]
[Site "Vanzaghello ITA"]
[Date "2000.09.24"]
[Round "6"]
[White "Sgnaolin, Davide"]
[Black "Genovese, Maurizio"]
[Result "0-1"]
[WhiteElo "2129"]
[BlackElo "2285"]
[PlyCount "52"]
[EventDate "2000.09.21"]

1. e4 e5 2. Nf3 Nc6 3. Bb5 Bb4 4. O-O Nge7 5. c3 Ba5 6. d4 exd4 7. cxd4 d5 8.
Qc2 O-O 9. Nc3 Nb4 10. Qb3 c6 11. a3 dxe4 12. Bc4 exf3 13. axb4 fxg2 14. Re1
Bc7 15. Ne4 Nd5 16. Bg5 Qd7 17. b5 a6 18. bxc6 bxc6 19. Qf3 Rb8 20. Nc5 Qd6 21.
Qh5 h6 22. Bc1 Nf6 23. Qh4 Ng4 24. Re4 Qg6 25. b3 Bxh2+ 26. Kxg2 Bd6 0-1

[Event "II Festival A"]
[Site "Vanzaghello ITA"]
[Date "2000.09.24"]
[Round "6"]
[White "Stefanetti, Marco"]
[Black "Sberse, Luca"]
[Result "1-0"]
[WhiteElo "1714"]
[BlackElo "1524"]
[PlyCount "35"]
[EventDate "2000.09.21"]

1. e4 c5 2. c3 d5 3. exd5 Qxd5 4. d4 cxd4 5. cxd4 Nc6 6. Nf3 e5 7. Nc3 Bb4 8.
Bd2 Bxc3 9. Bxc3 e4 10. Ne5 Nxe5 11. dxe5 Qxd1+ 12. Rxd1 a6 13. Bc4 Ne7 14. O-O
b5 15. Bb3 e3 16. fxe3 O-O 17. Bb4 Ra7 18. Rxf7 1-0